[Event "CHN-RUS U14 rapid"]
[Site "Jinan"]
[Date "2019.12.13"]
[Round "5.7"]
[White "Safin, Robert"]
[Black "Wei, Yaqing"]
[Result "1-0"]
[WhiteElo "2308"]
[BlackElo "1621"]
[PlyCount "97"]
[EventDate "2019.12.12"]
[EventType "team-schev (rapid)"]
[EventRounds "8"]
[EventCountry "CHN"]
[SourceTitle "CBM 193 Extra"]
[Source "ChessBase"]
[SourceDate "2020.01.31"]
[SourceVersion "1"]
[SourceVersionDate "2020.01.31"]
[SourceQuality "1"]
[WhiteTeam "Russia"]
[BlackTeam "China"]
[WhiteTeamCountry "RUS"]
[BlackTeamCountry "CHN"]

1. d4 Nf6 2. c4 e6 3. g3 c5 4. Nf3 Be7 5. Bg2 0-0 6. 0-0 d6 7. b3 Qc7 8. Nc3 a6 9. dxc5 dxc5 10. Bf4 Qa5 11. Bd2 Qc7 12. Bf4 Qa5 13. Qc2 Nh5 14. Bd2 Qc7 15. Ng5 f5 16. Bf3 Nf6 17. Bf4 Bd6 18. Bxd6 Qxd6 19. Rad1 Qc7 20. e3 Nc6 21. Na4 h6 22. Nh3 b6 23. Nf4 Rb8 24. Qb2 Ne5 25. Bg2 b5 26. cxb5 axb5 27. Nxc5 Qxc5 28. Rc1 Nc4 29. Qe2 e5 30. Ng6 Re8 31. bxc4 b4 32. Rfd1 Be6 33. Bd5 Kh7 34. Nxe5 Bxd5 35. cxd5 Qd6 36. Nc4 Qa6 37. Qc2 Ne4 38. Rd4 Kh8 39. f3 Nc3 40. Qxf5 Ne2+ 41. Kg2 Nxd4 42. exd4 Qxa2+ 43. Kh3 b3 44. Ne5 b2 45. Nf7+ Kg8 46. Nxh6+ gxh6 47. Qg6+ Kh8 48. Rc7 b1Q 49. Qg7# 1-0

[Event "CHN-RUS U14 rapid"]
[Site "Jinan"]
[Date "2019.12.13"]
[Round "8.7"]
[White "Wei, Yaqing"]
[Black "Kirillov, Dmitry1111"]
[Result "1/2-1/2"]
[WhiteElo "1621"]
[BlackElo "2232"]
[PlyCount "146"]
[EventDate "2019.12.12"]
[EventType "team-schev (rapid)"]
[EventRounds "8"]
[EventCountry "CHN"]
[SourceTitle "CBM 193 Extra"]
[Source "ChessBase"]
[SourceDate "2020.01.31"]
[SourceVersion "1"]
[SourceVersionDate "2020.01.31"]
[SourceQuality "1"]
[WhiteTeam "China"]
[BlackTeam "Russia"]
[WhiteTeamCountry "CHN"]
[BlackTeamCountry "RUS"]

1. e4 c5 2. Nf3 e6 3. d4 cxd4 4. Nxd4 Nf6 5. Nc3 d6 6. Be2 Be7 7. 0-0 0-0 8. Be3 Nc6 9. Nb3 a6 10. a4 Na5 11. f4 Qc7 12. Nd2 b6 13. Bd3 Bb7 14. h3 Nc6 15. Qe2 Nb4 16. Rac1 Rfd8 17. Nc4 Nd7 18. Qf2 Nc5 19. Rcd1 d5 20. exd5 exd5 21. Ne5 Nc6 22. Nf3 Bf6 23. Nd4 Nxd4 24. Bxd4 Bxd4 25. Qxd4 Ne6 26. Qf2 Qc5 27. f5 Qxf2+ 28. Rxf2 Nc5 29. b4 Nd7 30. Re2 Rac8 31. Na2 Nf6 32. Re7 Rd7 33. Rde1 Kf8 34. Rxd7 Nxd7 35. Nc1 f6 36. Re6 Re8 37. Rd6 Ke7 38. Re6+ Kd8 39. Rxe8+ Kxe8 40. Kf2 Ke7 41. Ke3 Kd6 42. Kd4 Nb8 43. g3 Nc6+ 44. Kc3 d4+ 45. Kb3 Ne5 46. Ne2 Bd5+ 47. Kb2 Nxd3+ 48. cxd3 Ke5 49. Nf4 Bf3 50. Ne6 g6 51. fxg6 hxg6 52. Nf8 g5 53. Nd7+ Kf5 54. Nxb6 Bg2 55. h4 gxh4 56. gxh4 Kg4 57. b5 axb5 58. axb5 f5 59. Nc4 f4 60. b6 Bd5 61. Nd2 Kxh4 62. Ka3 Kg3 63. Kb4 Bb7 64. Kc4 Kf2 65. Kxd4 Ke2 66. Kc3 Ba8 67. d4 Bd5 68. Kc2 Ke3 69. Kc3 Bb7 70. Nc4+ Ke2 71. Ne5 Ke3 72. Kc4 Ke4 73. Kc5 Bd5 1/2-1/2

[Event "CHN-RUS U14 rapid"]
[Site "Jinan"]
[Date "2019.12.12"]
[Round "3.7"]
[White "Yakimova, Mariya"]
[Black "Wei, Yaqing"]
[Result "1-0"]
[WhiteElo "2288"]
[BlackElo "1621"]
[PlyCount "74"]
[EventDate "2019.12.12"]
[EventType "team-schev (rapid)"]
[EventRounds "8"]
[EventCountry "CHN"]
[SourceTitle "CBM 193 Extra"]
[Source "ChessBase"]
[SourceDate "2020.01.31"]
[SourceVersion "1"]
[SourceVersionDate "2020.01.31"]
[SourceQuality "1"]
[WhiteTeam "Russia"]
[BlackTeam "China"]
[WhiteTeamCountry "RUS"]
[BlackTeamCountry "CHN"]

1. d4 Nf6 2. c4 e6 3. g3 Bb4+ 4. Bd2 a5 5. Bg2 d5 6. Nf3 dxc4 7. 0-0 0-0 8. Nc3 c6 9. a3 Be7 10. Bg5 h6 11. Bxf6 Bxf6 12. e3 Nd7 13. Nd2 e5 14. d5 cxd5 15. Nxd5 Ra6 16. Nxc4 b5 17. Nd2 Nc5 18. Qc2 Be7 19. Nxe7+ Qxe7 20. Rac1 Ne6 21. Qc3 f6 22. Nb3 a4 23. Nc5 Ra7 24. Qb4 Nxc5 25. Rxc5 Bd7 26. Rfc1 Kh8 27. h4 Rd8 28. Qe4 Be8 29. Bf1 Rad7 30. Bxb5 Rd2 31. Rc7 Qf8 32. Bxe8 Qxe8 33. Qg4 g6 34. h5 g5 35. Qf5 Rd1+ 36. Rxd1 Rxd1+ 37. Kg2 Qa8+ 1-0

[Event "Match France-Chine U 12 G"]
[Site "Saint Quentin"]
[Date "2019.06.29"]
[Round "13.1"]
[White "Wei, Yaqing"]
[Black "Schippke, Manon"]
[Result "1-0"]
[WhiteElo "1612"]
[BlackElo "1767"]
[PlyCount "105"]
[EventDate "2019.06.??"]
[EventType "team-match"]
[EventRounds "2"]
[EventCountry "FRA"]
[SourceTitle "EXT 2020"]
[Source "ChessBase"]
[SourceDate "2019.10.17"]
[SourceVersion "1"]
[SourceVersionDate "2019.10.17"]
[SourceQuality "1"]

1. e4 c5 2. Nf3 d6 3. d4 cxd4 4. Nxd4 Nf6 5. Nc3 Nc6 6. Bg5 e6 7. Qd2 Be7 8. f4 a6 9. 0-0-0 Bd7 10. Kb1 b5 11. Bxf6 gxf6 12. Qe1 Qb6 13. Nce2 Na5 14. f5 e5 15. Nb3 Nxb3 16. cxb3 b4 17. Ng3 a5 18. Bc4 Bb5 19. Bxb5+ Qxb5 20. Qf1 Qxf1 21. Nxf1 Rg8 22. Ne3 a4 23. bxa4 Rxa4 24. b3 Ra5 25. g3 Ra8 26. Nd5 Rb8 27. Rc1 Bd8 28. Rc4 Rg4 29. Nxb4 Rb5 30. Nd5 Rc5 31. Re1 Rxc4 32. bxc4 Kd7 33. Kc2 h5 34. Kd3 h4 35. Rg1 Kc6 36. Rg2 Kb7 37. Ne3 Rg8 38. gxh4 Rh8 39. Rb2+ Ka6 40. Ng2 Bb6 41. Ke2 Rg8 42. Kf3 Bg1 43. Ne1 Bd4 44. Rg2 Rc8 45. h5 Rxc4 46. h6 Rc3+ 47. Kg4 Rc8 48. Kh5 Rh8 49. Rg7 Be3 50. h7 Kb6 51. Nf3 Kc6 52. Rxf7 Bc5 53. Kg6 1-0

[Event "CHN-chT (Women)"]
[Site "Daqing"]
[Date "2019.06.21"]
[Round "3.3"]
[White "Chu, Ruotong"]
[Black "Wei, Yaqing"]
[Result "1-0"]
[WhiteElo "2204"]
[BlackElo "1612"]
[PlyCount "149"]
[EventDate "2019.06.19"]
[EventType "team-swiss"]
[EventRounds "9"]
[EventCountry "CHN"]
[SourceTitle "CBM 191 Extra"]
[Source "ChessBase"]
[SourceDate "2019.09.30"]
[SourceVersion "1"]
[SourceVersionDate "2019.09.30"]
[SourceQuality "1"]
[WhiteTeam "Tianjin (W)"]
[BlackTeam "Chengdu (W)"]
[WhiteTeamCountry "CHN"]
[BlackTeamCountry "CHN"]

1. d4 Nf6 2. c4 e6 3. g3 Bb4+ 4. Bd2 a5 5. Bg2 0-0 6. Nf3 d5 7. Qc2 c6 8. 0-0 Nbd7 9. Bxb4 axb4 10. Nbd2 Re8 11. Qb3 Qa5 12. a3 Qa4 13. Qxb4 b5 14. cxb5 cxb5 15. Qb3 Ba6 16. Rfc1 Rec8 17. e3 Ne8 18. Bf1 Qxb3 19. Nxb3 Nd6 20. Rxc8+ Bxc8 21. Ne1 Nb6 22. Nd3 Ndc4 23. Nbc5 h6 24. Rc1 f6 25. Rc2 e5 26. dxe5 fxe5 27. e4 dxe4 28. Nxe4 Bf5 29. f3 Rd8 30. Ndf2 Rd5 31. Be2 Kf7 32. a4 Nd6 33. Nxd6+ Rxd6 34. Rc7+ Kf8 35. Bxb5 Rd2 36. a5 Nd5 37. Rc5 Be6 38. Nd3 e4 39. fxe4 Ne3 40. Nf4 Bg4 41. h3 Bd1 42. Rc3 Rxb2 43. Bc6 Nc2 44. a6 Ra2 45. Bb5 Nb4 46. Rc8+ Ke7 47. Nd5+ Nxd5 48. exd5 Bb3 49. Rc7+ Kd6 50. Rxg7 Kxd5 51. Rg6 Kc5 52. Bf1 h5 53. Rg5+ Kd4 54. Rxh5 Ke3 55. Rf5 Ra1 56. h4 Bc4 57. Rf6 Bd5 58. Kh2 Bf3 59. Bg2 Bg4 60. Rf4 Bc8 61. Bb7 Ra2+ 62. Kg1 Bh3 63. h5 Ra1+ 64. Kh2 Bd7 65. h6 Ra2+ 66. Kg1 Bb5 67. h7 Ra1+ 68. Kh2 Ra2+ 69. Bg2 Bc6 70. h8Q Rxg2+ 71. Kh3 Ra2 72. Qd4+ Ke2 73. Rf2+ Ke1 74. Rxa2 Kf1 75. Qf2# 1-0

[Event "Wch U12 Girls"]
[Site "Weifang"]
[Date "2019.??.??"]
[Round "11"]
[White "Bayasgalan, Khishigbaatar"]
[Black "Wei, Yaqing"]
[Result "0-1"]
[WhiteElo "1643"]
[BlackElo "1640"]
[PlyCount "58"]
[EventDate "2019.08.21"]
[EventType "swiss"]
[EventRounds "11"]
[EventCountry "CHN"]
[SourceTitle "EXT 2020"]
[Source "ChessBase"]
[SourceDate "2019.10.17"]
[SourceVersion "1"]
[SourceVersionDate "2019.10.17"]
[SourceQuality "1"]

1. e4 c5 2. Nf3 e6 3. c4 a6 4. d4 cxd4 5. Nxd4 b6 6. Nc3 Bb7 7. Be2 Qc7 8. 0-0 Nf6 9. f3 Be7 10. Be3 d6 11. Qd2 Nbd7 12. Rfc1 0-0 13. a4 Rac8 14. a5 bxa5 15. Nb3 d5 16. cxd5 Bb4 17. Qd1 Bd6 18. f4 Bxf4 19. Bxf4 Qxf4 20. Nxa5 Ba8 21. Bf3 Ne5 22. dxe6 Nfg4 23. Bxg4 Nxg4 24. Qd4 Qxh2+ 25. Kf1 fxe6+ 26. Ke1 Qxg2 27. Ne2 Rcd8 28. Qg1 Qxe4 29. Ra3 Rf2 0-1

[Event "Wch U10 Girls"]
[Site "Pocos de Caldas"]
[Date "2017.08.23"]
[Round "2"]
[White "Zhou, Lepu Coco"]
[Black "Wei, Yaqing"]
[Result "1/2-1/2"]
[WhiteElo "1585"]
[BlackElo "1606"]
[PlyCount "103"]
[EventDate "2017.08.22"]
[EventType "swiss"]
[EventRounds "11"]
[EventCountry "BRA"]
[SourceTitle "CBM 180 Extra"]
[Source "ChessBase"]
[SourceDate "2017.10.06"]
[SourceVersion "1"]
[SourceVersionDate "2017.10.06"]
[SourceQuality "1"]

1. e4 c5 2. Nf3 e6 3. d4 cxd4 4. Nxd4 Nc6 5. c4 Qc7 6. Nc3 a6 7. Be2 Nf6 8. 0-0 Bb4 9. Nxc6 bxc6 10. Bf3 0-0 11. Be3 Bxc3 12. bxc3 d6 13. Rb1 Nd7 14. Bf4 e5 15. Be3 Nc5 16. Bxc5 dxc5 17. Qb3 Be6 18. Rfd1 Rfb8 19. Qa4 Rxb1 20. Rxb1 Rb8 21. Rxb8+ Qxb8 22. h3 Qb6 23. Qb3 Qxb3 24. axb3 Kf8 25. Kf1 Ke7 26. Ke2 Kd6 27. Kd2 Kc7 28. Kc2 a5 29. Be2 Kb6 30. Kb2 f6 31. g4 g6 32. Bd3 h5 33. f3 hxg4 34. hxg4 Kc7 35. Ka3 Kb7 36. Ka4 Kb6 37. Ka3 Ka6 38. Ka4 Kb6 39. Ka3 Ka7 40. Ka4 Ka6 41. Ka3 Kb7 42. Ka4 Ka6 43. Ka3 Kb6 44. Ka4 Bf7 45. Ka3 Be6 46. Ka4 Ka6 47. Ka3 Ka7 48. Ka4 Kb6 49. Ka3 Kc7 50. Ka4 Kb6 51. Ka3 Bf7 52. Ka4 1/2-1/2

[Event "Wch U10 Girls"]
[Site "Batumi"]
[Date "2016.10.29"]
[Round "10.3"]
[White "Wei, Yaqing"]
[Black "Dubovyk, Anastasiia"]
[Result "1/2-1/2"]
[WhiteElo "1522"]
[BlackElo "1730"]
[PlyCount "190"]
[EventDate "2016.10.19"]
[EventType "swiss"]
[EventRounds "11"]
[EventCountry "GEO"]
[SourceTitle "EXT 2018"]
[Source "ChessBase"]
[SourceDate "2017.10.13"]
[SourceVersion "1"]
[SourceVersionDate "2017.10.13"]
[SourceQuality "1"]

1. d4 Nf6 2. g3 g6 3. Bg2 Bg7 4. c4 0-0 5. Nf3 d6 6. 0-0 Nbd7 7. Nc3 e5 8. e4 Ne8 9. Rb1 exd4 10. Nxd4 Nb6 11. b3 Bd7 12. Bb2 Qc8 13. f4 Bg4 14. Qd3 Bh3 15. Nd5 Nxd5 16. cxd5 Bxg2 17. Kxg2 Qd7 18. f5 Qe7 19. Rbe1 Be5 20. Bc3 Nf6 21. Bd2 Nd7 22. fxg6 hxg6 23. Nf3 Bf6 24. Bc3 Be5 25. Nxe5 Nxe5 26. Qe2 Kg7 27. Qg4 Rh8 28. Bxe5+ Qxe5 29. Rf5 Qd4 30. Ref1 Rhf8 31. R5f4 Rae8 32. Qd7 Kg8 33. Rxf7 Qxe4+ 34. Kh3 Qe5 35. Rxf8+ Rxf8 36. Rxf8+ Kxf8 37. Qd8+ Kg7 38. Qxc7+ Kf6 39. Qc4 Qf5+ 40. Kg2 Ke5 41. h4 Qb1 42. b4 a6 43. g4 b5 44. Qc3+ Ke4 45. Qd2 Qa1 46. h5 gxh5 47. gxh5 Qg7+ 48. Kh3 Kf3 49. Qd3+ Kf2 50. Qf5+ Ke3 51. Qg6 Qa1 52. h6 Qh1+ 53. Kg4 Qf3+ 54. Kh4 Qh1+ 55. Kg5 Qxd5+ 56. Qf5 Qg8+ 57. Kh4 Qxa2 58. h7 Qb2 59. Qe6+ Kd3 60. Qxd6+ Kc4 61. Qf4+ Kb3 62. Qf3+ Ka4 63. Qf4 Kb3 64. Qf7+ Ka4 65. Qg8 Qh2+ 66. Kg5 Qg3+ 67. Kf6 Qf4+ 68. Ke6 Qc4+ 69. Ke5 Qc3+ 70. Kf5 Qd3+ 71. Kg4 Qe2+ 72. Kg3 Qe1+ 73. Kh2 Qh4+ 74. Kg1 Qe1+ 75. Kg2 Qe2+ 76. Kh3 Qd3+ 77. Kg4 Qe2+ 78. Kf5 Qd3+ 79. Kf6 Qd4+ 80. Kf7 Qd5+ 81. Ke7 Qe4+ 82. Kd7 Qd4+ 83. Ke8 Qe4+ 84. Kf7 Qf4+ 85. Kg7 Qe5+ 86. Kg6 Qg3+ 87. Kf7 Qf4+ 88. Ke6 Qc4+ 89. Ke5 Qc3+ 90. Kf5 Qd3+ 91. Kg5 Qe3+ 92. Kh5 Qh3+ 93. Kg6 Qg4+ 94. Kf6 Qf4+ 95. Ke6 Qc4+ 1/2-1/2

[Event "Wch U10 Girls"]
[Site "Batumi"]
[Date "2016.10.28"]
[Round "9.4"]
[White "Wei, Yaqing"]
[Black "Keskin, Elif"]
[Result "1-0"]
[WhiteElo "1522"]
[BlackElo "1501"]
[PlyCount "75"]
[EventDate "2016.10.19"]
[EventType "swiss"]
[EventRounds "11"]
[EventCountry "GEO"]
[SourceTitle "EXT 2018"]
[Source "ChessBase"]
[SourceDate "2017.10.13"]
[SourceVersion "1"]
[SourceVersionDate "2017.10.13"]
[SourceQuality "1"]

1. e4 c5 2. Ne2 e6 3. Nbc3 Nc6 4. d4 cxd4 5. Nxd4 a6 6. Nxc6 bxc6 7. Bd3 Qc7 8. Qe2 d6 9. 0-0 Nf6 10. Kh1 Be7 11. f4 d5 12. exd5 cxd5 13. f5 e5 14. Qf2 Bb7 15. Re1 0-0 16. Qg3 Nd7 17. Bh6 Bf6 18. Rad1 Kh8 19. Bg5 Bxg5 20. Qxg5 f6 21. Qg3 Nc5 22. b4 Nxd3 23. Qxd3 Rfd8 24. Na4 a5 25. Nc5 axb4 26. Ne6 Qb6 27. Nxd8 Qxd8 28. Qb3 d4 29. Qxb4 Qd5 30. Rd2 Rxa2 31. c4 Qf7 32. Rxa2 d3 33. Rb2 Bc8 34. Ra1 e4 35. Ra8 Qg8 36. Qc5 d2 37. Rxd2 e3 38. Re2 1-0

[Event "Wch U10 Girls"]
[Site "Batumi"]
[Date "2016.10.27"]
[Round "8.7"]
[White "Contreras Huaman, Fiorella Daiana"]
[Black "Wei, Yaqing"]
[Result "0-1"]
[WhiteElo "1417"]
[BlackElo "1522"]
[PlyCount "88"]
[EventDate "2016.10.19"]
[EventType "swiss"]
[EventRounds "11"]
[EventCountry "GEO"]
[SourceTitle "EXT 2018"]
[Source "ChessBase"]
[SourceDate "2017.10.13"]
[SourceVersion "1"]
[SourceVersionDate "2017.10.13"]
[SourceQuality "1"]

1. d4 Nf6 2. Nf3 b6 3. Bf4 g6 4. e3 Bg7 5. h3 0-0 6. Be2 Bb7 7. 0-0 d6 8. c3 Nbd7 9. a4 c5 10. a5 Bc6 11. a6 b5 12. Na3 Qb6 13. c4 b4 14. Nb5 Ne8 15. Qd2 Nb8 16. dxc5 dxc5 17. Bxb8 Rxb8 18. Ra2 Bxb5 19. cxb5 Nd6 20. Rc1 Rfc8 21. Qd5 Nxb5 22. Bxb5 Qxb5 23. Nd4 Bxd4 24. exd4 c4 25. Ra5 Qxd5 26. Rxd5 c3 27. b3 Rd8 28. Re5 e6 29. Re4 Rb6 30. Kf1 Rxa6 31. d5 exd5 32. Rxb4 d4 33. Rc4 Ra3 34. b4 Ra2 35. b5 Rb2 36. g3 Rxb5 37. Ke2 Rb2+ 38. Kf3 Rd2 39. g4 Re8 40. h4 a5 41. g5 a4 42. Rxa4 c2 43. Rc4 d3 44. Rc3 Rd1 0-1

[Event "Wch U10 Girls"]
[Site "Batumi"]
[Date "2016.10.19"]
[Round "1"]
[White "Wei, Yaqing"]
[Black "Kang, Sohyun"]
[Result "1-0"]
[WhiteElo "1522"]
[BlackElo "1147"]
[PlyCount "77"]
[EventDate "2016.10.19"]
[EventType "swiss"]
[EventRounds "11"]
[EventCountry "GEO"]
[SourceTitle "EXT 2018"]
[Source "ChessBase"]
[SourceDate "2017.10.13"]
[SourceVersion "1"]
[SourceVersionDate "2017.10.13"]
[SourceQuality "1"]

1. e4 e5 2. Nf3 Nc6 3. Bb5 a6 4. Ba4 b5 5. Bb3 Nf6 6. 0-0 Bc5 7. Qe2 0-0 8. c3 Re8 9. d3 h6 10. h3 d5 11. exd5 Nxd5 12. Qe4 Nde7 13. Nxe5 Nxe5 14. Qxe5 Bd6 15. Qh5 Ng6 16. Qxg6 Be6 17. Bxe6 Rxe6 18. Qg4 Qe8 19. Be3 Qc6 20. Nd2 Rae8 21. Rae1 Bc5 22. d4 Bd6 23. Rc1 Qb7 24. Qf3 c6 25. Nb3 Rf6 26. Qd1 Rg6 27. Nc5 Qa8 28. Qd2 Rd8 29. Qc2 Bxc5 30. dxc5 Qc8 31. Kh1 Re8 32. Rcd1 Qe6 33. Rd6 Qc4 34. Qd3 Rxd6 35. Qxc4 bxc4 36. cxd6 Rd8 37. Rd1 f6 38. d7 Kf7 39. Bb6 1-0